Geography of Croatia Quiz - Statistics

General Stats
  • This quiz has been taken 247 times
  • The average score is 13 of 24
Answer Stats
Question Answer % Correct
Sea on which Croatia lies Adriatic Sea
98%
Peninsula on which most of Croatia lies Balkans
96%
Capital city Zagreb
96%
Country that Croatia shares a border with for 19 km Montenegro
86%
Region comprising the southernhalf of Croatia Dalmatia
83%
Formerly known as Ragusa Dubrovnik
83%
Longest river bordering Croatia Danube
81%
Croatian name for "Croatia" Hrvatska
79%
Largest island Krk
71%
Croatia's mountain range Dinaric {Alps}
70%
Peninsula of northwest Croatia Istria
52%
Oldest city in Croatia Zadar
47%
Main seaport of Croatia Rijeka
46%
Site of a famous Roman amphitheater Pula
45%
The capital city is located on it Sava
43%
Well-known Roman palace in Split {Diocletian}'s Palace
39%
Gulfs surrounding that peninsula Gulf of {Venice}
36%
Makes the Hungarian border Drava
32%
Second-largest island Cres
31%
Third-largest island Brač
26%
Historical region of northeast Croatia Slavonia
26%
Famous square in the capital {Ban} Jelačić Square
25%
Another name for the famous Zlatni Rat spit {Golden} Cape
15%
Gulfs surrounding that peninsula {Kvarner} Gulf
11%
No matching quizzes found
Score Distribution
Percent of People with Each Score
Percentile by Number Answered
Your Score History
You have not taken this quiz